000 00703nas a2200229 4500
001 BR7803916
003 BR-BrBNA
005 20231205083454.0
007 ta
008 230509b bl.|||p| |||| 00| 00por d
040 _aBR-BrBNA
_bpor
_cBiblioteca Nacional de Agricultura
041 _a(Pt)
072 _aL10
100 1 _aJordao, L.P. (comp.)
245 1 _aIA: 30 anos de experiencia francesa [Inseminacao artificial]
650 _aMelhoramento genetico animal
650 _aInseminacao artificial
650 _aFranca
773 0 _tRevista dos Criadores (Brazil)
_xISSN 0034-9259
_g(Nov 1978), v. 48(586) p. 61-70
_wBR7803916
909 _a202311
_bLúcia
_c55
_dLúcia Elande
942 _2AGRIS
_n0
_cANA
999 _c99012
_d99012